|
|
|
|
| LEADER |
00700nam a22002172a 4500 |
| 001 |
000147151 |
| 003 |
CZ BrMZK |
| 005 |
20020319102028.0 |
| 008 |
010907s1993 xo slo d |
| 040 |
|
|
|a BOA001
|b cze
|
| 080 |
|
|
|a 621.317(075)
|2 MRF
|
| 080 |
|
|
|a 53.08(075.8)
|2 MRF
|
| 100 |
1 |
|
|a Čapek, Jan,
|d 1946-
|7 jn20001005134
|
| 245 |
1 |
0 |
|a Meření a regulace /
|c Jan Čapek, Zdeněk Diviš
|
| 250 |
|
|
|a 1. vyd.
|
| 260 |
|
|
|a Žilina :
|b Vysoká škola dopravy a spojov,
|c 1993
|
| 300 |
|
|
|a 133 s.
|
| 700 |
1 |
|
|a Diviš, Zdeněk,
|d 1946-
|7 ola2002159164
|
| 910 |
|
|
|a BOA001
|b TK-A-0253.934
|
| 990 |
|
|
|a BK
|
| 996 |
7 |
|
|b 2629984991
|c TK-A-0253.934
|l MZK
|r Sklad / do 24 hodin
|n 9
|w 000147151
|u 000010
|a 1
|e BOA001
|j MZK50
|s A
|